| 000 | 00640 a2200169 4500 | ||
|---|---|---|---|
| 003 | NUST | ||
| 038 | _a. | ||
| 040 | _aDLC | ||
| 082 | _a808.869 | ||
| 245 |
_aSarkari khat o kitabat (V.1 to V.9) / _cMuhammad Aizhar ul Haq |
||
| 260 |
_aIslamabad: _bMuqtadara Qomi Zuban, _c1991. |
||
| 300 |
_a331 p. ; _c24 cm. |
||
| 500 | _av.1 Sarkari maraaslaat, v.2 Neem sarkari maraaslaat, v.3 Daftari hukam naamay, v.4 Yaadaashtain, v.5 Ghair sarkari kaifiyaat, v.6______v.7 Ghashti maraaslaat or tatherain v.8 Talax, teleprinter, taar, v.9 Inzabati karwaiyaan | ||
| 563 | _aPBK. | ||
| 650 |
_aTechnical Writing _97391 |
||
| 942 |
_cBK _k808.869 SHI _2ddc |
||
| 999 |
_c5303 _d5303 |
||